00864nam a2200229Ia 4500003000900000008004100009020001800050040001600068080002400084110003700108245016700145260005300312300001600365500002300381650004100404650002500445650001400470650002500484942000700509999001700516952010100533IN-BaIIA211028s9999 xx 000 0 eng d a3-7650-0093-0 cIIA Library a083.8:523.8bAPP-93 aInternational Astronomical Union 0aApparent places of fundamental stars 1993bfor 1535 stars from the fifth fundamental catalogue (FK5)cInternational Astronomical Union  aHeidelbergbAstronomisches Rechen-Institutc1992 axliv, 510p. aComplimentary copy aAstronomy and Astrophysics Thesaurus aCatalogue-Stars9966 aEphemeris aStars catalogue9967 cBK c10432d10432 00104070aBANbBANcGENd1992-08-12l0o083.8:523.8/ APP-93p11342r2021-11-05w1992-08-12yBK